100 Greatest Canadians - Statistics

General Stats
  • This quiz has been taken 104 times
  • The average score is 22 of 100
Answer Stats
Rank Clue Person % Correct
3. Liberal Prime Minister of the 70's and 80's Pierre Trudeau
88%
10. Hockey player Wayne Gretzky
85%
9. Purported inventor of the telephone Alexander Graham Bell
78%
2. Cancer activist who died during an attempted cross-country marathon Terry Fox
69%
8. Canada's first Prime Minister Sir John A. MacDonald
66%
32. Comedic actor Michael J. Fox
57%
27. Singer Céline Dion
56%
7. CBC hockey commentator Don Cherry
51%
83. Native politician who defeated the Meech Lake accord through filibustering Elijah Harper
51%
5. CBC nature show host, environmentalist David Suzuki
50%
6. Prime Minister, "founder" of modern peacekeeping Lester Pearson
50%
53. Hockey player Gordie Howe
46%
38. Hockey player Mario Lemieux
46%
18. Singer Shania Twain
46%
11. Executed Metis rebel leader and politician Louis Riel
44%
19. Hockey player Bobby Orr
43%
45. Recent Prime Minister Jean Chrétien
41%
29. Comedic actor Jim Carrey
41%
49. War War II-era Prime Minister Mackenzie King
37%
20. Comedic actor Mike Myers
37%
59. Hockey player, founder of donut shop chain Tim Horton
37%
23. Hockey player Maurice Richard
35%
1. NDP leader, "founder" of Canadian healthcare system Tommy Douglas
35%
90. Singer Bryan Adams
34%
47. Conservative Prime Minister from the 50's John Diefenbaker
34%
14. Musician Neil Young
34%
85. Painter Emily Carr
32%
64. Conservative Prime Minister Brian Mulroney
31%
4. Inventor of Insulin Dr. Frederick Banting
29%
70. Inventor of basketball James Naismith
29%
35. British heroine from War of 1812, chocolate company founder Laura Secord
26%
69. First separatist Premier of Quebec René Lévesque
26%
43. First French-Canadian Prime Minister Wilfrid Laurier
26%
94. Singer Anne Murray
24%
57. Author of "Anne of Green Gables" series Lucy Maud Montgomery
24%
71. Feminist author Margaret Atwood
22%
42. Inventor of universial time zones Sir Sandford Fleming
22%
21. Symbolic dead World War I soldier "The Unknown Soldier"
22%
39. WWF wrestler Bret "The Hitman" Hart
21%
95. British Governor General, creator of the Stanley Cup Lord Stanley
21%
58. Hocky player, scored winning goal against USSR in 1972 Paul Henderson
21%
96. Rock musician from the Band "Rush" Geddy Lee
19%
16. UN Commander of failed peacekeeping mission in Rwanda Gen. Roméo Dallaire
19%
92. Founder of "Molson Canadian" beer company John Molson
19%
40. Singer Avril Lavigne
18%
41. Comedic actor John Candy
18%
65. Rock musician, lead singer of "The Guess Who" Burton Cummings
16%
89. Gold-medal winning sprinter, "The World's Fastest Man" Donovan Bailey
16%
33. Musician Gordon Lightfoot
16%
93. Singer Joni Mitchell
16%
91. Founder and leader of Reform Party Preston Manning
16%
48. World War I fighter pilot Billy Bishop
15%
77. Scientist, partner of Frederick Banting Dr. Charles Best
15%
55. Pianist Glenn Gould
15%
46. Singer Leonard Cohen
15%
67. Hockey player Patrick Roy
15%
88. Author of stories about wolves Farley Mowat
13%
86. PGA golfer Mike Weir
13%
30. Parapalegic activist who did a global marathon in his wheelchair Rick Hansen
13%
13. Country singer "Stompin' Tom" Connors
13%
72. Map-maker, explorer David Thompson
12%
36. Children's TV show host on CBC "Mr. Dressup"
12%
17. Former Ontario NDP leader, poverty activist Stephen Lewis
12%
68. Hockey player Jean Béliveau
10%
76. World War I military surgeon, wrote "In Flander's Fields" John McCrae
10%
31. Author, historian, CBC host Pierre Berton
10%
82. Comedic actor Dan Aykroyd
9%
26. Communist surgeon who served in Mao's Red Army Dr. Norman Bethune
9%
12. Founder of international charity for mentally handicapped children Jean Vanier
9%
62. Professor of media studies Marshall McLuhan
9%
80. Native American actor "Chief" Dan George
7%
25. Feminist politician, fought for women's suffrage Nellie McClung
7%
50. Comedian, actor, CBC TV host Rick Mercer
7%
63. First Canadian woman in space Roberta Bondar
7%
28. British General in War of 1812 Sir Isaac Brock
7%
34. DJ from Winnipeg radio station Hal Anderson
6%
98. Author Mordecai Richler
6%
51. Actress Pamela Anderson
6%
15. Radio talk show host Peter Gzowski
6%
75. Musician Sarah McLachlan
6%
60. Folk singer Stan Rogers
6%
56. Actor William Shatner
6%
74. Judge, argued women had the right to be appointed as senators Emily Murphy
4%
24. WWI general, first to independently command Canadian troops Gen. Arthur Currie
4%
22. Founder of Kin Canada, a secret men's society Harold A. Rogers
4%
84. Figure skater Kurt Browning
4%
78. Children's author Robert Munsch
4%
66. Current Auditor General of Canada. In 2002, she blew the whistle on high-profile money laundering scandal within current Liberal government. Sheila Fraser
4%
37. Native American leader who led Indian forces during the War of 1812 Tecumseh
4%
87. Pro-abortion activist responsible for making the practice legal in Canada Dr. Henry Morgantaler
3%
52. Teenage human-rights activist Craig Kielburger
1%
97. Supreme Court Judge, current UN High Commissioner for Human Rights Louise Arbour
1%
99. North West Mounted Police officer who quelled last Native uprisings Sam Steele
1%
81. Gold-medal winning curler Sandra Schmirler
1%
61. Early Canadian geologist William Edmond Logan
1%
54. British spy during World War II William "Intrepid" Stephenson
1%
72. First black woman appointed to the Senate of Canada Anne C. Cools
0%
79. Hockey player Ed Belfour
0%
100. Founder and leader of the CCF / NDP party J. S. Woodsworth
0%
44. Bahai' religious activist, wife of Bahai' leader*. Mary Maxwell
0%
No matching quizzes found
Score Distribution
Percent of People with Each Score
Percentile by Number Answered
Your Score History
You have not taken this quiz